000 00378 a2200157 4500
001 75236
020 _a9788502630284
040 _cAnchieta - Colégio São Paulo
100 _aPadovan, Daniela
240 1 0 _aLigados.com : Matemática, 1º ano
_lpor
245 1 0 _aLigados.com : Matemática, 1º ano
300 _a192
362 0 _a2015
650 4 _aMatemática
942 _cBK
999 _c75236
_d75236